000 00359nmm a2200145 a 4500
003 AR-BaBNM
005 20251128202856.0
008 154019s1952 ||||||||||||||000 | spa||
040 _cAR-BaBNM
100 1 _aSáenz Valiente, José María
245 1 0 _aCurso de instrucción cívica
260 _aBuenos Aires
_bEstrada
_c1952
942 _cBK
998 _cJacobzon
999 _c996
_d996